[Event "It (b)"]
[Site "Budapest (Hungary)"]
[Round "10"]
[White "Pham Minh Hoang (VIE)"]
[Black "Eperjesi Laszlo Dr (HUN)"]
[Result "1-0"]
[WhiteElo "2245"]
[BlackElo "2305"]

1.c4 c5 2.Nc3 Nc6 3.Nf3 Nf6 4.g3 b6 5.Bg2 Bb7 6.O-O e6 7.d4 Nxd4 8.Nxd4 Bxg2
9.Kxg2 cxd4 10.Qxd4 Qc8 11.e4 Bc5 12.Qd3 O-O 13.Bf4 Nh5 14.Bd2 f5 15.Qe2 g6
16.Bh6 Rf7 17.f3 Qc6 18.Rad1 a6 19.e5 Rc8 20.b3 Be7 21.Rd3 b5 22.cxb5 axb5
23.a4 bxa4 24.bxa4 Ra8 25.Rc1 Ba3 26.Rc2 Bf8 27.Bxf8 Kxf8 28.Nb5 Qb6 29.Nd6
Rg7 30.Rdc3 Rg8 31.Qb5 Qxb5 32.axb5 Ke7 33.b6 Rab8 34.b7 {#r} 1-0

[Event "It (cat.10)"]
[Site "Hertzliya (Israel)"]
[Round "3"]
[White "Hauchard Arnaud (FRA)"]
[Black "Liss Eran (ISR)"]
[Result "1-0"]
[WhiteElo "2500"]
[BlackElo "2505"]

1.c4 c5 2.Nc3 Nc6 3.e3 e5 4.Nge2 Nf6 5.d4 exd4 6.exd4 d5 7.cxd5 Nxd5 8.dxc5
Ndb4 9.Qxd8+ Nxd8 10.Nd4 Bxc5 11.Bb5+ Ndc6 12.Nb3 Nc2+ 13.Kd1 Nxa1 14.Nxc5
Bg4+ 15.f3 O-O-O+ 16.Bd2 Bf5 17.Bxc6 bxc6 18.N5e4 Bxe4 19.Nxe4 Rd5 20.Kc1 Rhd8
21.Bc3 f5 22.Ng3 Rd3 23.Nxf5 g6 24.Ng3 c5 25.Ne4 Re3 26.Re1 Rxe1+ 27.Bxe1 Rd3
28.Bd2 c4 29.Kb1 g5 30.h3 h5 31.Kxa1 g4 32.hxg4 hxg4 33.Bc1 gxf3 34.gxf3 Kc7
35.f4 Rf3 36.Kb1 Kc6 37.Kc2 Kd5 38.Nc3+ Kc5 39.Bd2 a6 40.Ne2 Kd5 41.Bc3 Rf2
42.Kd1 Ke4 43.Bd2 Kd3 44.Nc1+ Ke4 45.Kc2 Kd4 46.a3 Kd5 47.Na2 Kc5 48.Nb4 a5
49.Na2 Kd5 50.Nc3+ Kd4 51.Nb5+ Kc5 52.a4 Kd5 53.Nc3+ Kd4 54.Nd1 Rf3 55.Bc3+
Kc5 56.Be5 Rf1 57.Kd2 Kb4 58.Ke2 Rh1 59.Ne3 Rh7 60.Bc3+ {#r} 1-0

[Event "It (open)"]
[Site "Ueckermuende (Germany)"]
[Round "6"]
[White "Maniocha Andrzej (POL)"]
[Black "Roehl Rainer (GER)"]
[Result "1-0"]
[WhiteElo "2066"]
[BlackElo "2163"]

1.c4 c5 2.Nc3 Nc6 3.e3 g6 4.Nf3 d6 5.Be2 Bg7 6.O-O e5 7.a3 f5 8.Rb1 Nh6 9.b4
e4 10.Ne1 O-O 11.f4 exf3 12.Bxf3 Kh8 13.Bb2 Ng4 14.Bxg4 fxg4 15.Rxf8+ Qxf8
16.Nd5 Ne5 17.Qe2 Qf7 18.Bxe5 dxe5 19.e4 cxb4 20.axb4 Be6 21.Nc2 b5 22.d3 a5
23.Ra1 a4 24.Na3 Bxd5 25.exd5 e4 26.Rf1 Qa7+ 27.c5 Bd4+ 28.Kh1 Bxc5 29.Nxb5
Qa6 30.Nc7 {#r} 1-0

[Event "It (open)"]
[Site "Godesburg (Germany)"]
[Round "0"]
[White "Engelmann Nikolay (GER)"]
[Black "Miezis Normunds (LAT)"]
[Result "0-1"]
[WhiteElo "2197"]
[BlackElo "2515"]

1.c4 c5 2.Nc3 Nc6 3.Nf3 e5 4.e3 f5 5.d4 e4 6.d5 exf3 7.dxc6 bxc6 8.Qxf3 g6
9.e4 Qe7 10.Be3 Nh6 11.O-O-O Bg7 12.e5 Ng4 13.Bf4 Nxe5 14.Qg3 O-O 15.Re1 Re8
16.h4 Ba6 17.h5 Qd6 18.hxg6 hxg6 19.b3 Qf6 20.Rxe5 Rxe5 21.Bxe5 Qxe5 22.Qxe5
Bxe5 23.Kc2 Bd4 24.f3 Re8 25.Bd3 Kg7 26.Ne2 Be5 27.f4 Bc7 28.g4 fxg4 29.Rg1
Kf6 30.Rxg4 Rg8 31.Nc3 Bc8 32.Ne4+ Kf7 33.Ng5+ Ke7 34.Rh4 Rg7 35.Rh8 Bb7
36.Nh3 d5 37.Rh6 Bc8 38.Nf2 Kf6 39.Rh4 Be6 40.Ng4+ Ke7 41.Ne3 d4 42.Nd1 a5
43.a4 Bd6 44.Be4 Bd7 45.Nb2 Kf6 46.Nd3 Re7 47.Nf2 Kg7 48.Kd3 Rf7 49.Nh3 Be7
50.Ng5 Bxg5 51.fxg5 Rf2 52.b4 axb4 53.a5 b3 54.Rh1 Bg4 55.Re1 Ra2 56.Bxc6 b2
57.a6 Bf5+ 58.Be4 Ra1 59.a7 Bxe4+ {#R} 0-1

[Event "Ch Austria (juniors) (under 14)"]
[Site "Feldkirchen (Austria)"]
[Round "5"]
[White "Kutschker Roman"]
[Black "Vitouch Anatol (AUT)"]
[Result "0-1"]
[WhiteElo "1706"]
[BlackElo "2254"]

1.c4 c5 2.Nc3 Nc6 3.e4 g6 4.d3 Bg7 5.Be3 d6 6.f4 Nf6 7.h3 O-O 8.Nf3 a6 9.Be2
b5 10.cxb5 axb5 11.a3 Ba6 12.O-O Nh5 13.g4 Ng3 14.Rf2 Nxe2+ 15.Rxe2 b4 16.axb4
Nxb4 17.Rd2 Bb7 18.Ne1 Nc6 19.Nc2 Qd7 20.Na3 Nd4 21.Kf2 Bc6 22.Bxd4 Bxd4+
23.Kg3 Rfb8 24.Qc2 Rb4 25.Rb1 Rab8 26.Qc1 Be3 27.Na2 Bxd2 28.Qxd2 Rb3 29.Nc3
d5 30.Qe2 d4 {#R} 0-1

[Event "It (cat.10)"]
[Site "Hertzliya (Israel)"]
[Round "5"]
[White "Zifroni Dov (ISR)"]
[Black "Liss Eran (ISR)"]
[Result "0-1"]
[WhiteElo "2505"]
[BlackElo "2505"]

1.c4 c5 2.Nc3 Nc6 3.e3 e5 4.g3 g6 5.a3 Bg7 6.b4 d6 7.Bg2 Nge7 8.Rb1 O-O 9.Nge2
cxb4 10.axb4 a5 11.bxa5 Be6 12.Nd5 Rxa5 13.Nec3 Rc5 14.Nxe7+ Nxe7 15.d3 f5
16.Nb5 e4 17.Ba3 exd3 18.O-O Bxc4 19.Bxc5 dxc5 20.Rc1 Bxb5 21.Qb3+ Kh8 22.Qxb5
d2 23.Rcd1 Qd6 24.Bxb7 Rb8 25.Rb1 Bc3 26.Qc4 Bb4 27.Bf3 Rd8 28.Ra1 Rd7 29.Qf7
Ng8 30.Qc4 Qd3 31.Qe6 Qd6 32.Qe8 Kg7 33.Ra8 Nf6 34.Qh8+ Kh6 35.Rc8 Bc3 36.Kg2
Ne4 37.Qg8 Ng5 38.Rc6 Qe7 39.Bd5 Rd8 {#R} 0-1

[Event "It (open)"]
[Site "Paks (Hungary)"]
[Round "0"]
[White "Bodo Norbert (HUN)"]
[Black "Reiss Tibor (HUN)"]
[Result "1-0"]
[WhiteElo "1335"]
[BlackElo "2105"]

1.c4 c5 2.Nc3 Nc6 3.Nf3 g6 4.d4 cxd4 5.Nxd4 Bg7 6.e3 Nf6 7.Be2 d6 8.O-O O-O
9.Nc2 Bf5 10.f3 Rc8 11.e4 Bd7 12.Be3 Ne5 13.b3 a6 14.a4 Qc7 15.a5 Bc6 16.Qd2
Ned7 17.Nd4 Rfd8 18.Rfc1 Nf8 19.Ra2 e6 20.Nc2 Rd7 21.b4 d5 22.exd5 exd5 23.c5
Ne6 24.Nd4 Nh5 25.Bf1 Nhf4 26.Nce2 Nxe2+ 27.Bxe2 Re8 28.Bf1 Rde7 29.Rcc2 f5
30.Nxe6 Rxe6 31.Bf4 Be5 32.Bxe5 Rxe5 33.Qf4 Bb5 34.Rf2 R8e7 35.Rad2 Bc4 36.g3
Re1 37.Qxc7 Rxc7 38.Kg2 Rb1 39.Bxc4 dxc4 40.Rb2 Rxb2 41.Rxb2 Rd7 42.Rc2 Rd4
43.Kf2 f4 44.gxf4 Rxf4 45.Ke3 g5 46.Rg2 h6 47.Rg4 Rf6 48.h4 Rg6 49.Rxc4 Kf7
50.hxg5 hxg5 51.Rd4 Ke7 52.Rg4 Kf6 53.Kd4 Rg7 54.f4 Rd7+ 55.Kc4 gxf4 56.Rxf4+
Ke7 57.Rd4 Rc7 58.Rd6 Rd7 59.Rxd7+ Kxd7 60.Kd5 Kc7 61.c6 bxc6+ 62.Kc5 Kb7
63.Kd6 c5 64.bxc5 Kc8 65.Kc6 {#r} 1-0

[Event "VL Ruhrgebiet 1998/99"]
[Site "Germany"]
[Round "3"]
[White "Kock Wolfgang (GER)"]
[Black "Schlierkamp Ferdinand (GER)"]
[Result "1-0"]
[WhiteElo "2090"]
[BlackElo "2168"]

1.c4 c5 2.Nc3 Nc6 3.Nf3 e5 4.d3 g6 5.Rb1 Bg7 6.a3 a5 7.Bg5 f6 8.Bd2 Nge7 9.e4
O-O 10.Qc1 d6 11.h4 f5 12.Bg5 Be6 13.h5 f4 14.hxg6 hxg6 15.Nb5 Qd7 16.Be2 Kf7
17.Bh4 Bf6 18.g3 Rh8 19.Kd2 fxg3 20.Bxf6 Kxf6 21.fxg3 Kg7 22.Kc2 Rxh1 23.Qxh1
Rh8 24.Qg2 Bh3 25.Qf2 Rf8 26.Rh1 Bg4 27.Qh2 Bh5 28.Ng5 Bxe2 29.Qh6+ Kf6
30.Nh7+ {#r} 1-0

[Event "Ch Spain (juniors) (under 20"]
[Site "Oropesa (Spain)"]
[Round "4"]
[White "Barrero Garcia Carlos (ESP)"]
[Black "Fluvia Poyatos Joan (ESP)"]
[Result "1-0"]
[WhiteElo "2270"]
[BlackElo "2295"]

1.c4 c5 2.Nc3 Nc6 3.Nf3 g6 4.e3 Bg7 5.d4 cxd4 6.exd4 d6 7.h3 Bf5 8.Be2 Nf6
9.O-O O-O 10.d5 Nb8 11.Nd4 Bd7 12.Rb1 Na6 13.b4 Nc7 14.Be3 e6 15.dxe6 fxe6
16.Bf3 e5 17.Ndb5 Bxb5 18.Nxb5 Nxb5 19.Bd5+ Kh8 20.cxb5 Nxd5 21.Qxd5 Qe7
22.Rfd1 Rfd8 23.Rbc1 Bf8 24.a4 b6 25.a5 Rab8 26.axb6 axb6 27.Rc6 Kg7 28.Bxb6
Rd7 29.Be3 Qf7 30.b6 Qxd5 31.Rxd5 Kf7 32.Kf1 Ke6 33.Ra5 Be7 34.Ra7 Bd8 35.Bc5
Be7 36.Ke2 Rdb7 37.Kd3 Kd7 38.Rc7+ Rxc7 39.Rxc7+ Ke6 40.Be3 Bd8 41.Rc6 Kd5
42.b5 h5 43.Kc3 g5 44.Kd3 g4 45.hxg4 hxg4 46.Ke2 Ke6 47.f3 g3 48.f4 exf4
49.Bxf4 Rxb6 50.Rxb6 Bxb6 51.Bxg3 d5 52.Bf2 Bc7 53.Ba7 Be5 54.Kd3 Bg3 55.Bd4
Kf5 56.b6 Bb8 57.Bf2 Be5 58.Bh4 Ke6 59.g4 Bh2 60.Bf2 Be5 61.Bd4 Bb8 62.g5 Kf5
63.Bf6 Bg3 64.Bd8 Bf2 65.b7 Ba7 66.Bb6 Bb8 67.Kd4 Kxg5 68.Kxd5 Kf5 69.Kc6 Ke6
70.Bc7 Ba7 71.Kb5 {#r} 1-0

[Event "Ch Spain (juniors) (under 20"]
[Site "Oropesa (Spain)"]
[Round "6"]
[White "Barrero Garcia Carlos (ESP)"]
[Black "Garcia Luengo Leandro (ESP)"]
[Result "1-0"]
[WhiteElo "2270"]
[BlackElo "2317"]

1.c4 c5 2.Nc3 Nc6 3.Nf3 g6 4.e3 Bg7 5.d4 d6 6.h3 f5 7.Be2 Nf6 8.d5 Ne5 9.Nxe5
dxe5 10.b3 O-O 11.Bb2 e4 12.g4 e6 13.Qd2 exd5 14.Nxd5 Nxd5 15.cxd5 Bxb2
16.Qxb2 Qh4 17.Bc4 Qf6 18.d6+ Kg7 19.O-O-O Qxb2+ 20.Kxb2 Bd7 21.g5 Rad8 22.h4
h6 23.a4 b6 24.Kc3 hxg5 25.hxg5 Rh8 26.Rxh8 Rxh8 27.Bb5 Be6 28.d7 Rd8 29.Rd6
Kf7 30.Bc4 Bxc4 31.Kxc4 Ke7 32.Rxg6 Kxd7 33.Rg7+ Kc6 34.Rf7 Rd2 35.Rf6+ {#r}
1-0

[Event "It (open)"]
[Site "Turku (Finland)"]
[Round "1"]
[White "Seppanen Asko (FIN)"]
[Black "Rantanen Tanja (FIN)"]
[Result "1-0"]
[WhiteElo "2201"]
[BlackElo "2107"]

1.c4 c5 2.Nc3 Nc6 3.g3 g6 4.Bg2 Bg7 5.Nf3 Nf6 6.d4 cxd4 7.Nxd4 O-O 8.Nc2 d6
9.O-O Be6 10.b3 Nd7 11.Bb2 a6 12.Qd2 Qc7 13.Rac1 Rfc8 14.Ne3 Qd8 15.Rfd1 Rab8
16.Ncd5 Nb6 17.Bxg7 Kxg7 18.Nf4 Bd7 19.h4 Ne5 20.Qd4 Kg8 21.c5 Ng4 22.cxb6
Rxc1 23.Rxc1 e5 24.Qxd6 Nxe3 25.fxe3 exf4 26.exf4 Qe8 27.Rc7 Rd8 28.Kf2 Bg4
29.Qe7 Qxe7 30.Rxe7 Rd6 31.Rxb7 Kg7 32.a4 Rd2 33.Re7 Rd4 34.b7 Rb4 35.Re8 {#r}
1-0

[Event "Tournament (open)"]
[Site "Budapest (Hungary)"]
[Round "0"]
[White "Smaraglay Botond (HUN)"]
[Black "Baraz Andras (HUN)"]
[Result "1-0"]
[WhiteElo "2063"]
[BlackElo "1899"]

1.c4 c5 2.Nc3 Nc6 3.Nf3 Nf6 4.g3 e5 5.Bg2 d5 6.cxd5 Nxd5 7.Nxe5 Nxc3 8.Nxc6
Nxd1 9.Nxd8 Kxd8 10.Kxd1 Rb8 11.d3 Bd6 12.Bd2 Be6 13.Bc3 f6 14.b3 Ke7 15.Kd2
a6 16.d4 cxd4 17.Bxd4 Rhd8 18.Ke3 b5 19.Rhd1 g5 20.Bc6 h5 21.Rac1 Ba3 22.Rc2
Rbc8 23.Be4 Rxc2 24.Bxc2 f5 25.Bf6+ Kxf6 26.Rxd8 g4 27.Kd4 a5 28.Rb8 Bb2+
29.Kc5 Bd7 30.Bd3 Ke5 31.e3 Ba3+ 32.Kb6 a4 33.Bxb5 axb3 34.axb3 Be6 35.Bc4 Bd7
36.Rd8 {#r} 1-0

[Event "Oberliga NRW 1997/98"]
[Site "Germany"]
[Round "6"]
[White "Balster Stefan (GER)"]
[Black "Zimmermann Rolf (GER)"]
[Result "1-0"]
[WhiteElo "2305"]
[BlackElo "2205"]

1.c4 c5 2.Nc3 Nc6 3.Nf3 g6 4.e3 d6 5.d4 cxd4 6.exd4 Bg7 7.Be2 Nf6 8.d5 Nb8
9.Nd4 O-O 10.O-O Nbd7 11.Be3 Re8 12.h3 Nc5 13.Qc2 a5 14.b3 Bd7 15.Rfe1 Qc8
16.Bf1 Nh5 17.Rad1 Be5 18.Qd2 f5 19.Nf3 Bg7 20.Bd4 Nf6 21.Qb2 Nh5 22.Bxg7 Nxg7
23.Qd2 Nh5 24.Qh6 Nf6 25.Re3 Nce4 26.Nxe4 fxe4 27.Ng5 Bf5 28.Be2 Qc7 29.g4 Bc8
30.Nxh7 Qd8 31.Qxg6+ Kh8 32.Ng5 {#r} 1-0

[Event "Ch Poland (team) (2nd liga)"]
[Site "Wisla (Poland)"]
[Round "0"]
[White "Dobosz Henryk (POL)"]
[Black "Kasperek Wieslaw (POL)"]
[Result "1-0"]
[WhiteElo "2405"]
[BlackElo "2075"]

1.c4 c5 2.Nc3 Nc6 3.Nf3 g6 4.e3 Bg7 5.d4 cxd4 6.exd4 d6 7.h3 Bd7 8.Be2 Rc8
9.O-O Nf6 10.Be3 O-O 11.Rc1 b6 12.d5 Na5 13.b3 Nb7 14.Nd4 Ne8 15.Qd2 Nc7 16.b4
Qe8 17.Rfe1 f5 18.Bf3 Qf7 19.Ne6 Rfe8 20.Nxg7 Qxg7 21.Bd4 Qf8 22.Ne2 h6 23.Nf4
Kh7 24.h4 Nd8 25.h5 g5 26.Ng6 Qf7 27.Bb2 g4 28.Bd1 Nb7 29.Bb3 e5 30.c5 bxc5
31.bxc5 Nxc5 32.Rxc5 dxc5 33.d6 c4 34.Nxe5 Qd5 35.Qc1 Qxd6 36.Rd1 Nd5 37.Nxc4
Qc5 38.Qd2 Bc6 39.Ba3 Qb5 40.Nd6 Qa6 {#r} 1-0

[Event "Memorial Dr. Rey Ardid"]
[Site "Zaragoza (Spain)"]
[Round "8"]
[White "Moreno Carnero Javier (ESP)"]
[Black "Del Rey Diego (ESP)"]
[Result "1-0"]
[WhiteElo "2430"]
[BlackElo "2360"]

1.c4 c5 2.Nc3 Nc6 3.Nf3 g6 4.e3 Bg7 5.d4 d6 6.Be2 Bg4 7.d5 Bxf3 8.gxf3 Nb8
9.h4 Nd7 10.h5 g5 11.Qc2 Be5 12.h6 Ngf6 13.Bd2 Qb6 14.Rg1 Rg8 15.a4 Nf8 16.Bd3
a6 17.a5 Qc7 18.Na4 O-O-O 19.Ke2 e6 20.Nb6+ Kb8 21.Rg2 exd5 22.cxd5 Qe7
23.Rag1 N8d7 24.Nxd7+ Nxd7 25.Kd1 Bf6 26.f4 Nf8 27.Bf5 Re8 28.b4 cxb4 29.Bxb4
g4 30.Qb3 Ng6 31.Rxg4 Rd8 32.Bd3 Rge8 33.Bxa6 Qc7 34.Kd2 Ka8 35.Bb5 Re4 36.Rc1
Qe7 37.a6 bxa6 38.Bc6+ Ka7 39.Rb1 {#r} 1-0

[Event "Ch Asia (juniors) (under 20) (g)"]
[Site "Iran"]
[Round "3"]
[White "Navabi Shirin (IRI)"]
[Black "Ovezova Maisa (TKM)"]
[Result "1-0"]
[WhiteElo "2098"]
[BlackElo "2235"]

1.c4 c5 2.Nc3 Nc6 3.e4 d6 4.f4 e5 5.d3 Nf6 6.Nf3 g6 7.Be2 Bg7 8.Rb1 Bg4 9.O-O
Bxf3 10.Bxf3 Qd7 11.a3 Nd4 12.fxe5 dxe5 13.Bg5 O-O 14.b4 cxb4 15.axb4 Nxf3+
16.Rxf3 Qd4+ 17.Kh1 Qxc3 18.Bxf6 Bxf6 19.Rb3 Qd4 20.Rxf6 Rad8 21.Qf1 Kg7 22.h3
Rd7 23.Rf3 b6 24.b5 Ra8 25.Ra3 Rc8 26.Qc1 Qc5 27.Rb3 Rcc7 28.Qg5 Qe7 29.Qg3 f6
30.Rb1 Rc8 31.Rbf1 Rd6 32.Qg4 Rf8 33.Rg3 Qd7 34.Qe2 Rd8 35.Rgf3 Qe7 36.R1f2
R8d7 37.Rf1 Qd8 38.Rd1 Rd4 39.Ra1 Qe7 40.Ra2 Qd8 41.Kh2 Qc7 42.Kh1 Qd6 43.Kg1
Qc5 44.Qf2 Qd6 45.Qf1 Qe7 46.Qf2 Qd6 47.Qf1 Qe7 48.Raf2 R7d6 49.g4 g5 50.h4 h6
51.hxg5 hxg5 52.Rh2 Qe6 53.Qh3 Qg8 54.Qh6+ Kf7 55.Ra2 Qg6 56.Qh8 Rd7 57.Rh3
Ke6 58.Qc8 Kd6 59.Qb8+ Kc5 60.Qf8+ R4d6 61.Qc8+ Kb4 62.Rhh2 Qf7 63.Rab2+ Kc3
64.c5 Rc7 65.Rbc2+ Kd4 66.Qa6 Rxc5 67.Qa1+ Kxd3 68.Rhd2+ Kxe4 69.Qe1+ Kf4
70.Rxc5 Rxd2 71.Qxd2+ Kxg4 72.Qe2+ Kf5 73.Qd3+ Kg4 74.Qe4+ Kh5 75.Rc2 f5
76.Rh2+ Kg6 77.Qc6+ Qf6 78.Rh6+ Kxh6 79.Qxf6+ Kh5 80.Qxe5 Kg4 81.Qc7 f4
82.Qxa7 f3 83.Qxb6 Kg3 84.Qd6+ {#r} 1-0

[Event "Ch Sweden (team) 1999/00"]
[Site "Sweden"]
[Round "1"]
[White "Ziegler Ari (SWE)"]
[Black "Bator Robert (SWE)"]
[Result "0-1"]
[WhiteElo "2404"]
[BlackElo "2431"]

1.c4 c5 2.Nc3 Nc6 3.Nf3 e5 4.e3 Nf6 5.d4 cxd4 6.exd4 e4 7.Ng5 Bb4 8.d5 Ne5
9.Bd2 O-O 10.Qc2 Re8 11.O-O-O d6 12.Ngxe4 Bf5 13.f3 Nxe4 14.fxe4 Bg6 15.a3 Ba5
16.Re1 Rc8 17.b3 a6 18.Kb2 Qd7 19.h4 h5 20.g3 b5 21.Bh3 Ng4 22.b4 Bd8 23.cxb5
axb5 24.Qd3 Bf6 25.Kb3 Rc4 26.Bxg4 Qxg4 27.Nxb5 Rexe4 28.Rxe4 Bxe4 {#R} 0-1

[Event "It (open) (a)"]
[Site "Dortmund (Germany)"]
[Round "6"]
[White "Orth Roman (GER)"]
[Black "Wallhof Dieter (GER)"]
[Result "0-1"]
[WhiteElo "2100"]
[BlackElo "2026"]

1.c4 c5 2.Nc3 Nc6 3.d3 g6 4.Bg5 Bg7 5.Qd2 d6 6.e4 h6 7.Bh4 Rb8 8.Be2 a6 9.Nf3
Bg4 10.O-O Bxf3 11.Bxf3 Nd4 12.Bd1 b5 13.f4 Qd7 14.Kh1 e6 15.g4 Ne7 16.cxb5
axb5 17.Rc1 Nec6 18.Bg3 Ra8 19.b3 f5 20.gxf5 exf5 21.Nd5 Qf7 22.a4 b4 23.Nb6
Ra6 24.Nc4 Na5 25.e5 Naxb3 26.Bxb3 Nxb3 27.Qg2 Nxc1 28.Nxd6+ Rxd6 29.exd6 O-O
30.Rxc1 Bd4 31.Bh4 Kh7 32.Be7 Rg8 33.a5 b3 34.a6 b2 35.Rf1 Qa2 36.Qb7 Rb8
37.Qg2 b1=Q 38.d7 Qxg2+ 39.Kxg2 Qa2+ 40.Kh3 Qxa6 41.d8=Q Rxd8 42.Bxd8 Qxd3+
{#R} 0-1

[Event "Oberliga East A 1998/99"]
[Site "Germany"]
[Round "0"]
[White "Hempel Olaf Dr (GER)"]
[Black "Teichgraeber Michael (GER)"]
[Result "1-0"]
[WhiteElo "2077"]
[BlackElo "2081"]

1.c4 c5 2.Nc3 Nc6 3.Nf3 g6 4.e3 Bg7 5.d4 cxd4 6.exd4 d6 7.Be2 Nh6 8.d5 Ne5
9.O-O Nf5 10.Re1 O-O 11.Bf4 Ng4 12.Rf1 Ne5 13.Rc1 Nxf3+ 14.Bxf3 Nd4 15.Be4 f5
16.Be3 Nc6 17.dxc6 fxe4 18.Qd5+ e6 19.cxb7 Bxb7 20.Qxb7 Bxc3 21.bxc3 Qh4
22.Qd7 Rae8 23.Rb1 Re7 24.Qxd6 Rf5 25.Rb8+ Kf7 26.Qd8 {#r} 1-0

[Event "It (open)"]
[Site "Paris (France)"]
[Round "1"]
[White "Murey Jacob (ISR)"]
[Black "Souche Thierry (FRA)"]
[Result "1-0"]
[WhiteElo "2475"]
[BlackElo "2145"]

1.c4 c5 2.Nc3 Nc6 3.Nf3 g6 4.d4 cxd4 5.Nxd4 Bg7 6.Nb3 d6 7.e4 Nf6 8.Be2 Bd7
9.O-O O-O 10.Be3 Rc8 11.c5 dxc5 12.Nxc5 b6 13.Nxd7 Qxd7 14.Rc1 Rfd8 15.Qxd7
Rxd7 16.Bb5 Rdc7 17.Ba6 {#r} 1-0

[Event "It (open)"]
[Site "Zadar (Croatia)"]
[Round "4"]
[White "Fucak Emilijo (CRO)"]
[Black "Brkic Ivica (CRO)"]
[Result "1-0"]
[WhiteElo "2303"]
[BlackElo "2169"]

1.c4 c5 2.Nc3 Nc6 3.Nf3 Nf6 4.e3 d6 5.d4 Bg4 6.Be2 g6 7.h3 Bd7 8.d5 Nb4 9.e4
Qc7 10.a3 Na6 11.Bf4 Nh5 12.Be3 Bg7 13.Qd2 O-O 14.g4 Nf6 15.Bh6 Ne8 16.O-O-O
f6 17.Rdg1 Qd8 18.h4 Nac7 19.Ne1 a6 20.Bxg7 Kxg7 21.g5 e5 22.gxf6+ Qxf6 23.Nd3
b5 24.h5 Rh8 25.hxg6 h6 26.f4 bxc4 27.fxe5 dxe5 28.Nxc5 Qd6 29.Nxd7 Qxd7
30.Rh5 Qd6 31.Rgh1 Nf6 32.Rxh6 Nb5 33.Rxh8 Rxh8 34.Rxh8 Kxh8 35.Qh6+ Kg8
36.Nxb5 axb5 37.Bg4 {#r} 1-0

[Event "Ch Belgium (team) 1998/99"]
[Site "Belgium"]
[Round "11"]
[White "Claesen Pieter (BEL)"]
[Black "Gulbas Cemil (BEL)"]
[Result "1-0"]
[WhiteElo "2403"]
[BlackElo "2178"]

1.c4 c5 2.Nc3 Nc6 3.Nf3 g6 4.e3 Bg7 5.d4 d6 6.Be2 cxd4 7.exd4 Nh6 8.d5 Ne5
9.Nxe5 dxe5 10.g4 O-O 11.h4 f5 12.h5 Nxg4 13.hxg6 hxg6 14.Bxg4 fxg4 15.Be3 Rf3
16.Ne4 Bf5 17.Ng5 e4 18.Nxf3 exf3 19.Bd4 Bf6 20.Qd2 e5 21.Be3 b6 22.a4 a5
23.d6 Be6 24.Qd3 Kg7 25.Qe4 Rb8 26.Qc6 Bd7 27.Qd5 g5 28.Rh7+ Kxh7 29.Qf7+ Bg7
30.O-O-O {#r} 1-0

[Event "Ch Germany (seniors)"]
[Site "Germany"]
[Round "0"]
[White "Biebinger Gerhard (GER)"]
[Black "Biberger Hans (GER)"]
[Result "1-0"]
[WhiteElo "2374"]
[BlackElo "2130"]

1.c4 c5 2.Nc3 Nc6 3.Nf3 e5 4.g3 f5 5.Bg2 Nf6 6.O-O d6 7.e3 e4 8.Ne1 Ne5 9.d4
cxd4 10.exd4 Ng6 11.f3 exf3 12.Nxf3 h6 13.d5 Ng4 14.Nd4 Be7 15.h3 N4e5 16.Nce2
O-O 17.b3 Bd7 18.Be3 Rf6 19.Qc2 Qf8 20.Rf2 Nh8 21.Raf1 g6 22.Nf4 Nhf7 23.Nfe6
Bxe6 24.Nxe6 Qc8 25.g4 b6 26.gxf5 g5 27.Be4 Kh8 28.Rg2 Qg8 29.Qe2 Qh7 30.Bd4
Rg8 31.Qh5 Nd8 32.Bc2 Qf7 33.Qe2 Nxe6 34.dxe6 Qg7 35.Kh1 Rff8 36.Qe4 Bf6
37.Be3 Qe7 38.Bd1 Rg7 39.Rfg1 Rfg8 40.Bh5 Nd7 41.Qd5 Nc5 42.Bd4 Nb7 43.Bf7 Rb8
44.b4 a5 45.a3 axb4 46.axb4 Nd8 47.Bh5 Rc8 48.Bxb6 Nc6 49.c5 Nxb4 50.Qxd6 Rc6
51.Qd2 Na6 52.Qd5 Nb8 53.Bf3 Rc8 54.Qd6 Kh7 55.Rd1 Qe8 56.Rgd2 Nc6 57.Qd5 Ne7
58.Qd3 h5 59.Be4 g4 60.Rh2 Kg8 61.Rg1 Be5 62.Rhg2 g3 63.f6 Bxf6 64.Rxg3 h4
65.Rg4 Qh5 66.Qf3 Qh6 67.c6 Rf8 68.Rf1 Rxg4 69.Qxg4+ Qg7 70.Qh5 Be5 {#r} 1-0

[Event "Ch Cuba (1/2 final)"]
[Site "Cuba"]
[Round "0"]
[White "Perez Rodney (CUB)"]
[Black "Rosabal Yonisbel (CUB)"]
[Result "0-1"]
[WhiteElo "2478"]
[BlackElo "2312"]

1.c4 c5 2.Nc3 Nc6 3.Nf3 g6 4.d4 cxd4 5.Nxd4 Bg7 6.e3 d6 7.Be2 Bd7 8.O-O Nf6
9.b3 O-O 10.Bb2 a6 11.Rc1 Rb8 12.Qd2 Nxd4 13.Qxd4 Bc6 14.Qd2 Qa5 15.Rc2 Rfc8
16.Rfc1 h5 17.Bf1 h4 18.h3 Qg5 19.Qe1 Nd7 20.Kh1 Qf5 21.Kg1 Nc5 22.Rd2 Qg5
23.b4 Ne6 24.a4 Bxc3 25.Rxc3 Bxa4 26.Rd5 Qh6 27.Ra3 Bc6 28.Rda5 Bd7 29.e4 Ng7
30.e5 dxe5 31.Rxe5 Be6 32.c5 Rd8 33.Rae3 Rd7 34.Rd3 Rbd8 35.Rxd7 Rxd7 36.Qe4
Rd1 37.Rxe6 Nxe6 38.Qxb7 Qd2 39.Qb8+ Nf8 40.Qe5 f6 41.Qc3 Qe2 {#R} 0-1

[Event "It (open)"]
[Site "Frankfurt (Germany)"]
[Round "6"]
[White "Becker Michael (GER)"]
[Black "Rowland Anthony (GER)"]
[Result "1-0"]
[WhiteElo "2079"]
[BlackElo "1904"]

1.c4 c5 2.Nc3 Nc6 3.e3 Nf6 4.Nge2 e6 5.g3 Be7 6.Bg2 d5 7.cxd5 exd5 8.d4 cxd4
9.Nxd4 Ne5 10.h3 O-O 11.O-O b6 12.f4 Ng6 13.Nc6 Qd7 14.Nxe7+ Nxe7 15.b3 Bb7
16.Kh2 Rad8 17.Ne2 Ne4 18.Nd4 Nf5 19.Nxf5 Qxf5 20.Bb2 Rfe8 21.Qd4 Qg6 22.Bxe4
dxe4 23.Qb4 Rd3 24.Bd4 Rd8 25.Rg1 Qh5 26.Rac1 R8xd4 27.exd4 e3 28.Rc2 Rd1
29.Qe7 h6 30.Qxb7 Rd2+ 31.Rxd2 exd2 32.g4 Qh4 33.Qf3 Qe1 34.Qd1 Qf2+ 35.Rg2
Qxf4+ 36.Kh1 Qxd4 37.Qxd2 Qa1+ 38.Rg1 Qf6 39.Qg2 g5 40.Rf1 Qe7 41.Rc1 Qd7
42.Qc6 Qd3 43.Qc8+ Kg7 44.Qc3+ {#r} 1-0

[Event "VK1 1999/00"]
[Site "Ruhrgebiet (Germany)"]
[Round "4"]
[White "Dargel Manuel (GER)"]
[Black "Kuttnick Helmut (GER)"]
[Result "1-0"]
[WhiteElo "2219"]
[BlackElo "2129"]

1.c4 c5 2.Nc3 Nc6 3.f4 d6 4.Nf3 e6 5.e4 Nf6 6.Be2 a6 7.d3 Qc7 8.O-O g6 9.f5
Bg7 10.fxe6 fxe6 11.Qe1 O-O 12.Qh4 Nd4 13.Nxd4 cxd4 14.Nd1 Bd7 15.Bg5 Ne8
16.Nf2 Bf6 17.Ng4 Bxg5 18.Rxf8+ Kxf8 19.Qxg5 Qd8 20.Rf1+ Kg7 21.Qh6+ {#r} 1-0

[Event "It (open)"]
[Site "Erlangen (Germany)"]
[Round "1"]
[White "Bauer Martin (GER)"]
[Black "Hoffmann Ayar (GER)"]
[Result "0-1"]
[WhiteElo "2101"]
[BlackElo "1810"]

1.c4 c5 2.Nc3 Nc6 3.d3 g6 4.e4 d6 5.g3 Bg7 6.Bg2 Bd7 7.Nge2 e5 8.O-O Nge7 9.f4
f5 10.Rb1 O-O 11.Nd5 Rb8 12.fxe5 dxe5 13.Be3 b6 14.Qd2 Be6 15.Bh6 Qd7 16.Nxe7+
Nxe7 17.Nc3 Bxh6 18.Qxh6 Qxd3 19.exf5 Nxf5 20.Qc1 Bxc4 21.b3 Be6 22.Rf3 Qd4+
23.Kh1 Qd7 24.Qe1 Qg7 25.Qe4 Rbe8 26.Re1 Bc8 27.Qc2 Nd4 28.Rxf8+ Qxf8 29.Qc1
Kg7 30.Rf1 Qe7 31.Nd5 Qd8 32.Rf6 Be6 33.Rxe6 Nxe6 34.Qe3 Qg5 35.Qe1 Nd4 36.Be4
Rf8 37.Kg1 Nf3+ 38.Bxf3 Rxf3 39.Nc3 {#R} 0-1

[Event "Ch Sweden (team) 1999/00"]
[Site "Sweden"]
[Round "1"]
[White "Cramling Dan (SWE)"]
[Black "Hall Jesper (SWE)"]
[Result "1-0"]
[WhiteElo "2425"]
[BlackElo "2476"]

1.c4 c5 2.Nc3 Nc6 3.e3 e5 4.g3 g6 5.a3 a5 6.Nge2 Bg7 7.d4 cxd4 8.exd4 exd4
9.Nb5 Nh6 10.Bg2 Nf5 11.g4 Nh4 12.Nd6+ Kf8 13.Bd5 Qf6 14.Nxf7 d6 15.h3 Be6
16.Nxh8 Bxd5 17.cxd5 Qf3 18.Rg1 Qxd5 19.Rg3 Re8 20.Kf1 Nf3 21.Bd2 Bxh8 22.Bh6+
Kg8 23.Nf4 Qb5+ 24.Qd3 Nd2+ 25.Kg2 Qxd3 26.Rxd3 Nc4 27.Rb3 b6 28.Rc1 N6e5
29.Nd5 Rb8 30.f4 a4 31.fxe5 axb3 32.Rxc4 dxe5 33.Kf3 Rd8 34.Ke4 Bg7 35.Bxg7
Kxg7 36.Rc7+ Kh6 37.Rc1 Kg5 38.Nxb6 Rf8 39.Nd5 Rf2 40.Rb1 Re2+ 41.Kd3 Rf2
42.Ke4 Re2+ 43.Kf3 Rd2 44.Ke4 Re2+ 45.Kd3 Rh2 46.a4 Rxh3+ 47.Ke4 Rh2 48.a5
Re2+ 49.Kf3 d3 50.Nc3 Rc2 51.a6 d2 52.a7 {#r} 1-0